000 01009cam a22003134a 4500
001 16342654
003 OSt
005 20211125114817.0
008 100721s2011 njua b 001 0 eng
010 _a 2010028206
020 _a9788131785942
035 _a(OCoLC)ocn649827227
038 _aKhadija
040 _aDLC
_cDLC
_dYDX
_dYDXCP
_dCDX
_dDLC
050 0 0 _aT57.6
_b.T3 2013
082 0 0 _a658.4034
_222
_bTHA
100 1 _aTaha, Hamdy A.
_985132
245 1 0 _aOperations research :
_ban introduction /
_cHamdy A. Taha.
250 _a9th
260 _aUpper Saddle River, N.J. :
_bPrentice Hall,
_cc2013.
300 _axxxi, 790 p. :
_bill. ;
_c24 cm.
504 _aIncludes bibliographical references and index.
563 _aPB
650 0 _aOperations research.
_985133
650 0 _aProgramming (Mathematics)
_985134
906 _a7
_bcbc
_corignew
_d1
_eecip
_f20
_gy-gencatlg
942 _2ddc
_cBK
999 _c33569
_d33569